Přírodopis. Geologie a ekologie /

Hlavní autor: Matyášek, Jiří, 1946-
Další autoři: Hrubý, Zdeněk, Klinkovská, Lenka
Jazyk: Čeština
Vydáno: Brno : Nová škola, s.r.o., 2019
Vydání: 5. aktualizované vydání
Edice: Duhová řada
Témata:
Fyzický popis: 2 svazky : barevné ilustrace, mapy ; 30 cm
Odebírané svazky: učebnice, pracovní sešit
Knihy
Uloženo v:
LEADER 03181nam a2200757 ia4500
001 nkc20193148049
003 CZ PrNK
005 20191127132107.0
007 ta
008 191015s2019 xr ab c p 001 0 cze
015 |a cnb003148049 
020 |a 978-80-7600-080-3  |q (učebnice ;  |q brožováno) 
020 |a 978-80-7600-118-3  |q (pracovní sešit ;  |q brožováno) 
035 |a (OCoLC)1127257903 
040 |a ABA001  |b cze  |d BOA001  |e rda 
072 7 |a 55  |x Vědy o Zemi. Geologické vědy  |2 Konspekt  |9 7 
072 7 |a 37.016  |x Učební osnovy. Vyučovací předměty. Učebnice  |2 Konspekt  |9 22 
080 |a 57.081.1  |2 MRF 
080 |a 55  |2 MRF 
080 |a 549  |2 MRF 
080 |a 574  |2 MRF 
080 |a (075.2)  |2 MRF 
080 |a (075.3)  |2 MRF 
080 |a (076.1)  |2 MRF 
100 1 |a Matyášek, Jiří,  |d 1946-  |7 ola2004220089  |4 aut 
245 1 0 |a Přírodopis.  |p Geologie a ekologie /  |c napsali: Jiří Matyášek, Zdeněk Hrubý 
246 3 0 |a Geologie a ekologie 
246 1 4 |a Přírodopis 9 
246 1 8 |a Přírodopis pro 9. ročník - geologie a ekologie 
250 |a 5. aktualizované vydání 
264 1 |a Brno :  |b Nová škola, s.r.o.,  |c 2019 
300 |a 2 svazky :  |b barevné ilustrace, mapy ;  |c 30 cm 
336 |a text  |b txt  |2 rdacontent 
337 |a bez média  |b n  |2 rdamedia 
338 |a svazek  |b nc  |2 rdacarrier 
490 1 |a Duhová řada 
500 |a Vytvořeno v souladu s RVP ZV 
500 |a Klíč k vybraným úkolům tištěn zvratmo 
504 |a Obsahuje bibliografické odkazy a rejstřík 
505 0 |a Učebnice. 132 stran -- Pracovní sešit / Jiří Matyášek, Lenka Klinkovská. 71 stran 
521 8 |a Doporučeno pro 9. ročník základní školy nebo odpovídající ročníky víceletých gymnázií 
650 0 7 |a přírodopis  |7 ph124939  |2 czenas 
650 0 7 |a geologie  |7 ph114622  |2 czenas 
650 0 7 |a mineralogie  |7 ph115320  |2 czenas 
650 0 7 |a ekologie  |7 ph114418  |2 czenas 
650 0 9 |a natural history  |2 eczenas 
650 0 9 |a geology  |2 eczenas 
650 0 9 |a mineralogy  |2 eczenas 
650 0 9 |a ecology  |2 eczenas 
655 7 |a učebnice základních škol  |7 fd133773  |2 czenas 
655 7 |a učebnice středních škol  |7 fd133771  |2 czenas 
655 7 |a pracovní sešity  |7 fd133116  |2 czenas 
655 9 |a activity books  |2 eczenas 
655 9 |a textbooks (elementary)  |2 eczenas 
655 9 |a textbooks (secondary)  |2 eczenas 
700 1 |a Hrubý, Zdeněk  |7 jx20110426002  |4 aut 
700 1 |a Klinkovská, Lenka  |7 ola2011628988  |4 aut 
830 0 |a Duhová řada  |0 s 
910 2 |a BOA001  |b 4-1436.067  |s učebnice, pracovní sešit 
990 |a BK 
995 |a 01 
991 |b 201910  |c NOV 
996 6 |b 2610799711  |c 4-1436.067  |d 1, učebnice  |v 1  |l MZK  |r Sklad / do 1 hodiny  |n 0  |p p.v.  |w 001761455  |u 000010  |a 1  |e BOA001  |j MZK50  |s P 
996 7 |b 2610799712  |c 4-1436.067  |d 1, učebnice  |v 1  |l MZK  |r Sklad / do 1 hodiny  |n 7  |p p.v.  |w 001761455  |u 000020  |a 1  |e BOA001  |j MZK50  |s A 
996 6 |b 2610805039  |c 4-1436.067  |d 2, pracovní sešit  |v 2  |l MZK  |r Sklad / do 1 hodiny  |n 0  |p p.v.  |w 001761455  |u 000030  |a 1  |e BOA001  |j MZK50  |s P 
996 7 |b 2610805040  |c 4-1436.067  |d 2, pracovní sešit  |v 2  |l MZK  |r Sklad / do 1 hodiny  |n 4  |p p.v.  |w 001761455  |u 000040  |a 1  |e BOA001  |j MZK50  |s A